| 000 | 00532nam a2200193 4500 | ||
|---|---|---|---|
| 001 | 113554 | ||
| 003 | ES-MaACL | ||
| 005 | 20230906185934.0 | ||
| 007 | t| | ||
| 008 | 061121s1952 sp r ||||1| spa d | ||
| 100 | 0 |
_aNoel, Eugenio, _d1885-1936 _985823 |
|
| 245 | 1 | 4 |
_aLas capeas / _cEugenio Noel. |
| 260 |
_aMadrid : _bAfrodisio Aguado, _c1952. |
||
| 300 |
_a220 p. ; _c12 cm. |
||
| 490 | 1 |
_aMás allá ; _v84 |
|
| 830 | 0 |
_aMás allá ; _v84 _9181282 |
|
| 852 |
_aES-MaACL _jD-8387 _bR.32057 |
||
| 999 |
_c113554 _d113554 |
||